• 首页
  • 本馆介绍
  • 公告通知
  • 最新文献
  • 馆藏检索
  • 电子资源
  • 读者导购
  • 参考咨询
  • 我的图书馆
  • 登录
  • 详细信息显示
  • 放入我的书架
  • 预约/预借图书
  • 作者相关作品
  • 分类相关作品
  • 丛书相关作品
  • 出版社相关作品

书目信息

  • 表格格式
  • 工作单格式
  • 卡片格式
题名:
全新大学英语四级题型快速阅读理解
    
 
作者: 叶琴法 主编
分册:  
出版信息: 杭州   浙江大学出版社  2006
页数: 271页
开本: 21cm
丛书名:
单 册:
中图分类: H310.42
科图分类:
主题词: 英语--高等学校--水平考试--教学参考资料 , 英语--阅读教学--高等学校--水平考试--教学参考资料 , 阅读教学
电子资源:
ISBN: 7-308-04762-8
000 00954nam0 2200265 450
001 012007841922
005 20070515113641.51
010    @a7-308-04762-8@dCNY13.00
100    @a20070424d2006 km y0chiy0120 ea
101 0  @achi@aeng
102    @aCN@b330000
105    @ay z 000yy
106    @ar
200 1  @a全新大学英语四级题型快速阅读理解@Aquan xin da xue ying yu si ji ti xing kuai su yue du li jie@f叶琴法主编@Fye qin fa zhu bian
210    @a杭州@c浙江大学出版社@d2006
215    @a271页@d21cm
300    @aCET-4强化培训教程
330    @a本书共分6章,内容包括快速阅读理解与解题技巧、快速阅读理解边讲边练、快速阅读模拟试题、简答题与解题技巧、简答题边讲边练、简答题模拟试题。
606 0  @a英语@x高等学校@x水平考试@j教学参考资料
606 0  @a英语@x阅读教学@x高等学校@x水平考试@j教学参考资料
606 0  @a阅读教学
690    @aH310.42@v4
701  0 @a叶琴法@Aye qin fa@4主编
801  0 @aCN@bRULIN@c20070515
905    @dH310.42@e1014@s10
    
    全新大学英语四级题型快速阅读理解/叶琴法主编.-杭州:浙江大学出版社,2006
    271页;21cm
    CET-4强化培训教程
    
    ISBN 7-308-04762-8:CNY13.00
    本书共分6章,内容包括快速阅读理解与解题技巧、快速阅读理解边讲边练、快速阅读模拟试题、简答题与解题技巧、简答题边讲边练、简答题模拟试题。
●
相关链接 在E读中查询图书 在五车中查询图书 在当当中查询图书 在豆瓣中查询图书


正题名:全新大学英语四级题型快速阅读理解     索取号:H310.42/1014         预约/预借

序号 登录号 条形码 馆藏地/架位号 状态 备注
1 0570691   205706912   第二样本阅览室/ [索取号:H310.42/1014] 在馆    
2 0570692   205706921   第四借阅区/ [索取号:H310.42/1014] 在馆    
3 0570693   205706930   第四借阅区/ [索取号:H310.42/1014] 在馆    
4 0570694   205706949   第四借阅区/ [索取号:H310.42/1014] 在馆    
5 0570695   205706958   第四借阅区/ [索取号:H310.42/1014] 在馆    
6 0570696   205706967   第四借阅区/ [索取号:H310.42/1014] 在馆    
7 0570697   205706976   第四借阅区/ [索取号:H310.42/1014] 在馆    
8 0570698   205706985   第四借阅区/ [索取号:H310.42/1014] 在馆    
9 0570699   205706994   第四借阅区/ [索取号:H310.42/1014] 在馆    
10 0570700   205707001   第四借阅区/ [索取号:H310.42/1014] 在馆    
唐山师范学院图书馆 欢迎您!
大连网信软件有限公司© 版权所有